书目信息 |
| 书名: | Marketing today | |
| 作者: | John T. Mentzer, David J. Schwartz. | |
| 分册号: | ||
| 分册名: | 出版地: | San Diego : |
|
| 出版社: | Harcourt Brace Jovanovich | |
| 出版时间: | c1985. | |
| 页数: | xvi, 832 p. : | |
| 开本: | 24 cm. | |
| 丛书名: | ||
| 中图分类号: | ||
| 科图分类号: | ||
| 其他分类号: | F713.1 | |
| 主题词: | ||
| 电子资源: | ||
| 000 | 00694nam 2200229 a 4504 | |
| 001 | E0729632278 | |
| 005 | 20070228083111.98 | |
| 008 | 040318s1985 caua b 001 0 eng d | |
| 010 | @a84081509 | |
| 020 | @a0155550934. | |
| 040 | @aFAU@cFAU@dCSU | |
| 090 | @aF713.1 | |
| 099 | @dF713.1@ex4=4 | |
| 100 | 1 | @aMentzer, John T. |
| 245 | 10 | @aMarketing today / @cJohn T. Mentzer, David J. Schwartz. |
| 250 | @a4th ed. | |
| 260 | @aSan Diego :@bHarcourt Brace Jovanovich,@cc1985. | |
| 300 | @axvi, 832 p. :@bill. (some col.) ;@c24 cm. | |
| 504 | @aIncludes bibliographical references and indexes. | |
| 650 | 00 | @aMarketing. |
| 700 | 10 | @aSchwartz, David Joseph. |
| 920 | @a232010@z2 | |
| Marketing today / / John T. Mentzer, David J. Schwartz.-4th ed.-San Diego : : Harcourt Brace Jovanovich, , c1985. |
| xvi, 832 p. : : ill. (some col.) ; ; 24 cm. |
| Includes bibliographical references and indexes. |
| ISBN 0155550934. |
| ● |
| 相关链接 |
|
|
|
|
正题名:Marketing today
索取号:F713.1/x4=4
 
预约/预借
| 序号 | 登录号 | 条形码 | 馆藏地/架位号 | 状态 | 备注 |
| 1 | 183087 | 001171065 | 第二样本阅览室/ [索取号:F713.1/x4=4] | 在馆 | |
| 2 | 183088 | 202457108 | 第四借阅区/ [索取号:F713.1/x4=4] | 在馆 | |
| 3 | 183089 | 001170397 | 第四借阅区/ [索取号:F713.1/x4=4] | 在馆 |